000
00303nam a22001097a 4500
082
_a
621.382 RAM'F
100
_a
DUZER, THEODORE VAN,WHINNERY, JOHN R,RAMO, SIMAN
_9
60095
245
_a
FIELDS AND WAVES IN COMMUNICATION ELECTRONICS
260
_a
NEWYORK
_b
JOHN WILEY
_c
1965
300
_a
754P
942
_c
BK
999
_c
569916
_d
569916